LEADER 01104nam0-22003011i-450- 001 990003003820403321 005 20040319113924.0 035 $a000300382 035 $aFED01000300382 035 $a(Aleph)000300382FED01 035 $a000300382 100 $a20030910d1999----km-y0itay50------ba 101 0 $aita 102 $aIT 200 1 $aAccesso al mercato$edazi e barriere non tariffarie$euna applicazione agli scambi transatlantici nel settore automobilistico e nel settore chimico$fdi Luca De Benedictis e Pier Carlo Padoan, 1999 225 1 $aQuaderni di ricerca. Studi sul mercato internazionale$fIstituto nazionale per il Commercio estero$v99.10 610 0 $aDogane 610 0 $aIndustria automobilistica$aEuropa$aCommercio internazionale 610 0 $aIndustria chimica$aEuropa$aCommercio internazionale 700 1$aDe Benedictis,$bLuca$f<1962- >$0374577 701 1$aPadoan,$bPier Carlo$0118287 801 0$aIT$bUNINA$gRICA$2UNIMARC 901 $aBK 912 $a990003003820403321 952 $aPaper$fSES 959 $aSES 996 $aAccesso al mercato$9468546 997 $aUNINA LEADER 01333nam--2200433---450- 001 990000605110203316 005 20050211093454.0 010 $a88-339-0703-1 035 $a0060511 035 $aUSA010060511 035 $a(ALEPH)000060511USA01 035 $a0060511 100 $a20010903d1993----km-y0itay0103----ba 101 $aita 102 $aIT 105 $a||||||||001yy 200 1 $a<> sacro$ecrociate e pellegrinaggi$elinguaggi e immagini$fAlphonse Dupront$g[traduzione di Saverio Marchignoli e Maria Salemi e Franco Cardini] 210 $aTorino$cBollati Boringhieri$d1993 215 $aX, 557 p.$d22 cm 225 2 $aNuova cultura$v32 312 $aDu Sacré 410 $12001$aNuova cultura$v32 454 $12001$aDu Sacré$927698 606 0 $aReligione$yEuropa 676 $a306.6094 700 1$aDUPRONT,$bAlphonse$0118335 702 1$aSALEMI ,$bMaria 702 1$aCARDINI,$bFranco$f<1940- > 801 0$aIT$bsalbc$gISBD 912 $a990000605110203316 951 $aII.2. 343(VARIE COLL. 861/32)$b113152 LM$cVARIE COLL. 959 $aBK 969 $aUMA 979 $aPATTY$b90$c20010903$lUSA01$h1422 979 $c20020403$lUSA01$h1710 979 $aPATRY$b90$c20040406$lUSA01$h1642 979 $aCOPAT3$b90$c20050211$lUSA01$h0934 996 $aDu Sacré$927698 997 $aUNISA LEADER 01339nam--2200433---450- 001 990000405710203316 005 20060531102213.0 035 $a0040571 035 $aUSA010040571 035 $a(ALEPH)000040571USA01 035 $a0040571 100 $a20010419d1989----km-y0itay0103----ba 101 $aita 102 $aIT 105 $a||||||||001yy 200 1 $a<> anima del circo$fa cura di Giancarlo Pretini$gcon le "Memorie di Joseph Grimaldi" di Charles Dickens 210 $aUdine$cTrapezio Libri$d1989 215 $a617 p.$cill.$d30 cm 225 2 $aI grandi libri$v7 410 $12001$aI grandi libri$v7 461 1$1001-------$12001 606 0 $aClowns$xSaggi 676 $a791.33 700 1$aPRETINI,$bGiancarlo$0309679 702 1$aDICKENS,$bCharles$f<1812-1870> 801 0$aIT$bsalbc$gISBD 912 $a990000405710203316 951 $aXIII.1.C. 17(VARIE 309)$b101370 LM$cVARIE 959 $aBK 969 $aUMA 979 $aPATTY$b90$c20010419$lUSA01$h1236 979 $aPATTY$b90$c20010419$lUSA01$h1237 979 $c20020403$lUSA01$h1648 979 $aPATRY$b90$c20040406$lUSA01$h1628 979 $aCOPAT1$b90$c20050310$lUSA01$h1624 979 $aCOPAT1$b90$c20050310$lUSA01$h1626 979 $aCOPAT6$b90$c20060531$lUSA01$h1022 996 $aAnima del circo$9210512 997 $aUNISA